书目信息 |
| 题名: |
石油化工工艺学
|
|
| 作者: | 时维振 , 封瑞江 主编 | |
| 分册: | ||
| 出版信息: | 北京 中国石化出版社 2011.4 |
|
| 页数: | 396页 | |
| 开本: | 26cm | |
| 丛书名: | ||
| 单 册: | ||
| 中图分类: | TE65 | |
| 科图分类: | ||
| 主题词: | 石油化工--工艺学 | |
| 电子资源: | ||
| ISBN: | 978-7-5114-0833-4 | |
| 000 | 01065nam0 2200265 45 | |
| 001 | 1338843031 | |
| 005 | 20130514151817.57 | |
| 010 | @a978-7-5114-0833-4@dCNY58.00 | |
| 100 | @a20130108d2011 em y0chiy0110 ea | |
| 101 | 0 | @achi |
| 102 | @aCN@b110000 | |
| 105 | @aak a 000yy | |
| 106 | @ar | |
| 200 | 1 | @a石油化工工艺学@AShi You Hua Gong Gong Yi Xue@f封瑞江,时维振主编@FFeng Rui Jiang, Shi Wei Zhen Zhu Bian |
| 210 | @a北京@c中国石化出版社@d2011.4 | |
| 215 | @a396页@c图@d26cm | |
| 300 | @a普通高等教育“十二五”规划教材 | |
| 320 | @a有书目 (第393-396页) | |
| 330 | @a本书从石油化工的基础原料石油和天然气讲起,重点介绍了由此出发的三烯、三苯、乙炔、合成气等基本有机原料的生产,以及由这些基本有机原料为基础原料生产的一系列化工产品的典型化工过程,并对高分子化工、精细化工、绿色华工作了简单介绍,最后以实例的方式介绍了化工过程的物料与热量计算。 | |
| 606 | 0 | @a石油化工@x工艺学 |
| 690 | @aTE65@v5 | |
| 701 | 0 | @a时维振@AShi Wei Zhen@4主编 |
| 701 | 0 | @a封瑞江@AFeng Rui Jiang@4主编 |
| 801 | @aCN@bTANGWEI@c20130108 | |
| 905 | @b0828602-06@dTE65@e16@f5 | |
| 石油化工工艺学/封瑞江,时维振主编.-北京:中国石化出版社,2011.4 |
| 396页:图;26cm |
| 普通高等教育“十二五”规划教材 |
| ISBN 978-7-5114-0833-4:CNY58.00 |
| 本书从石油化工的基础原料石油和天然气讲起,重点介绍了由此出发的三烯、三苯、乙炔、合成气等基本有机原料的生产,以及由这些基本有机原料为基础原料生产的一系列化工产品的典型化工过程,并对高分子化工、精细化工、绿色华工作了简单介绍,最后以实例的方式介绍了化工过程的物料与热量计算。 |
| ● |
| 相关链接 |
|
|
|
|
正题名:石油化工工艺学
索取号:TE65/16
 
预约/预借
| 序号 | 登录号 | 条形码 | 馆藏地/架位号 | 状态 | 备注 |
| 1 | 0828602 | 208286022 | 第二样本阅览室/ [索取号:TE65/16] | 在馆 | |
| 2 | 0828603 | 208286031 | 第三借阅区/ [索取号:TE65/16] | 在馆 | |
| 3 | 0828604 | 208286040 | 第三借阅区/ [索取号:TE65/16] | 在馆 | |
| 4 | 0828605 | 208286059 | 第三借阅区/ [索取号:TE65/16] | 在馆 | |
| 5 | 0828606 | 208286068 | 第三借阅区/ [索取号:TE65/16] | 在馆 |